Sumas exprés de un dígito - Estadísticas

Estadísticas generales
  • Esta prueba ha sido intentada 4.876 veces
  • La puntuación promedio es 30 de 40
Estadísticas de respuestas
Suma Solución % Correcto
2+4 6
79%
3+1 4
78%
4+2 6
78%
5+3 8
78%
3+6 9
78%
0+0 0
77%
0+1 1
77%
1+9 10
77%
2+8 10
77%
4+8 12
77%
7+8 15
77%
1+3 4
77%
2+3 5
77%
4+1 5
77%
0+6 6
77%
5+1 6
77%
6+0 6
77%
2+5 7
77%
3+4 7
77%
4+3 7
77%
8+0 8
77%
5+4 9
77%
8+2 10
76%
5+6 11
76%
7+4 11
76%
7+6 13
76%
8+9 17
76%
0+2 2
76%
1+2 3
76%
0+4 4
76%
4+0 4
76%
1+4 5
76%
3+2 5
76%
0+7 7
76%
5+2 7
76%
6+1 7
76%
7+0 7
76%
0+8 8
76%
1+7 8
76%
4+4 8
76%
0+9 9
76%
1+8 9
76%
6+3 9
76%
1+0 1
75%
3+7 10
75%
5+5 10
75%
6+4 10
75%
7+3 10
75%
9+1 10
75%
3+8 11
75%
8+3 11
75%
6+6 12
75%
9+5 14
75%
8+7 15
75%
8+8 16
75%
2+0 2
75%
0+3 3
75%
2+1 3
75%
3+0 3
75%
0+5 5
75%
5+0 5
75%
1+5 6
75%
3+3 6
75%
2+6 8
75%
3+5 8
75%
6+2 8
75%
2+7 9
75%
7+2 9
75%
8+1 9
75%
4+6 10
74%
2+9 11
74%
6+5 11
74%
9+2 11
74%
3+9 12
74%
5+7 12
74%
9+3 12
74%
4+9 13
74%
5+8 13
74%
6+7 13
74%
8+5 13
74%
5+9 14
74%
7+7 14
74%
6+9 15
74%
9+6 15
74%
9+8 17
74%
1+1 2
74%
2+2 4
74%
1+6 7
74%
7+1 8
74%
4+5 9
74%
9+0 9
74%
8+4 12
73%
9+4 13
73%
6+8 14
73%
7+9 16
73%
9+7 16
73%
9+9 18
73%
7+5 12
72%
4+7 11
71%
8+6 14
71%
No se encontraron pruebas coincidentes
Distribución de puntuación
Porcentaje de gente con cada puntuación
Porcentaje por número respondido
Historial de tus puntuaciones
No has intentado esta prueba.